banner-ar

INSIDE MACINTOSH : QUICK DRAW GX TYPOGRAPHY / (Record no. 10317)

MARC details
000 -الفاتح
حقل البيانات ثابتة الطول 00526nam a2200193Ia 4500
008 - عناصر البيانات ثابتة الطول - معلومات عامة
حقل البيانات ثابتة الطول 140319s9999 xx 000 0 eng d
040 ## - مصدر الفهرسة
وكالة الفهرسة الأصلية GCL /
وكالة النسخ GCL
082 04 - رقم تصنيف ديوى العشرى
رقم التصنيف 006.6765
رقم المادة A I
100 1# - المدخل الرئيسى - إسم شخصى
الإسم الشخصى APPLE COMPUTER
245 10 - بيان العنوان
العنوان INSIDE MACINTOSH : QUICK DRAW GX TYPOGRAPHY /
بيان المسئوليه,etc APPLE COMPUTER
260 ## - PUBLICATION, DISTRIBUTION, ETC. (IMPRINT)
تاريخ النشر أو التوزيع 1994
300 ## - الوصف المادى
التعداد 640
650 04 - المدخل الاضافى بالموضوع-مصطلح موضوعى
مصطلح موضوعي PROGRAMMING
650 04 - المدخل الاضافى بالموضوع-مصطلح موضوعى
مصطلح موضوعي COMPUTER GRAPHICS
650 04 - المدخل الاضافى بالموضوع-مصطلح موضوعى
مصطلح موضوعي MACINTOSH
650 04 - المدخل الاضافى بالموضوع-مصطلح موضوعى
مصطلح موضوعي QUICK DRAW GX
942 ## - عناصر المدخل الإضافي( كوها)
مصدر التصنيف او مخطط الترفيف Dewey Decimal Classification
Koha [default] item type كتاب
260 ## - PUBLICATION, DISTRIBUTION, ETC. (IMPRINT)
-- [S.N] :
-- ADDISON - WESLEY PUBLISHING COMPANY ،
Holdings
حالة التراجع حالة الفقد حالة تلف ليس للاعارة المكان المؤقت الموقع الحالى تاريخ الاكتساب اجمالي اﻻعارات رقم الطلب الباركود تاريخ اخر مشاهدة تاريخ تفعيل السعر نوع وعاء كوها
        مكتبة القاهرة الكبرى مكتبة القاهرة الكبرى 03/26/2014   006.6765\A I 20977 03/26/2014 03/26/2014 كتاب

Powered By

EGPV